UBT Library

Sexual orientation and the law. (Record no. 41455)

000 -LEADER
fixed length control field 01231cas a2200349 a 4500
001 - CONTROL NUMBER
control field 17367360
005 - DATE AND TIME OF LATEST TRANSACTION
control field 20180201033430.0
007 - PHYSICAL DESCRIPTION FIXED FIELD--GENERAL INFORMATION
fixed length control field t|
008 - FIXED-LENGTH DATA ELEMENTS--GENERAL INFORMATION
fixed length control field 120306c20129999mnuar 0 a0eng c
010 ## - LIBRARY OF CONGRESS CONTROL NUMBER
LC control number 2012247016
022 0# - INTERNATIONAL STANDARD SERIAL NUMBER
International Standard Serial Number 2169-7310
Source 1
035 ## - SYSTEM CONTROL NUMBER
System control number (OCoLC)ocn779385590
037 ## - SOURCE OF ACQUISITION
Source of stock number/acquisition West, 610 Opperman Drive, Eagan, MN 55123
040 ## - CATALOGING SOURCE
Original cataloging agency MoSBCM
Transcribing agency MoSBCM
Modifying agency MoSBCM
-- NNU-L
-- CLU
-- DLC
041 ## - LANGUAGE CODE
Language code of text/sound track or separate title eng
042 ## - AUTHENTICATION CODE
Authentication code pcc
-- nsdp
043 ## - GEOGRAPHIC AREA CODE
Geographic area code n-us---
080 ## - UNIVERSAL DECIMAL CLASSIFICATION NUMBER
Universal Decimal Classification number 342 MOU
082 10 - DEWEY DECIMAL CLASSIFICATION NUMBER
Classification number 342 MOU
Edition number 15
100 ## - Rafti
Rafti 14
101 ## - Shkurtesa
Shkurtesa JUR
222 #0 - KEY TITLE
Key title Sexual orientation and the law
Qualifying information (2012)
245 00 - TITLE STATEMENT
Title Sexual orientation and the law.
310 ## - CURRENT PUBLICATION FREQUENCY
Current publication frequency Annual
362 1# - DATES OF PUBLICATION AND/OR SEQUENTIAL DESIGNATION
Dates of publication and/or sequential designation Began with 2012 ed.
515 ## - NUMBERING PECULIARITIES NOTE
Numbering peculiarities note Issued in parts.
780 00 - PRECEDING ENTRY
Title Sexual orientation and the law
Edition [2004 rev.].
Place, publisher, and date of publication [Eagan, Minn.] : West, c2004-2010
International Standard Book Number 0876324545
Record control number (OCoLC)56969122
906 ## - LOCAL DATA ELEMENT F, LDF (RLIN)
a 7
b cbc
c sercoop
d 2
e ncip
f 20
g n-oclcserc
942 ## - ADDED ENTRY ELEMENTS (KOHA)
Source of classification or shelving scheme
Item type Books
Holdings
Withdrawn status Lost status Source of classification or shelving scheme Damaged status Not for loan Collection code Permanent location Current location Shelving location Date acquired Total Checkouts Full call number Barcode Date last seen Price effective from Koha item type
          Koleksioni i përgjithshem UBT - Lipjan UBT - Lipjan Koleksioni i përgjithshem 02/01/2018   342 MOU 002-2997739 02/01/2018 02/01/2018 Books
UBT Library © 2015-2024. All rights reserved University Education for Business and Technology